[Event "Khanty-Mansiysk Governor Cup Rapid 18th"]
[Site "Khanty-Mansiysk"]
[Date "2022.11.26"]
[Round "1"]
[White "Ponkratov, Pavel"]
[Black "Sukhovershiy, Rostislav"]
[Result "1-0"]
[WhiteElo "2593"]
[BlackElo "1213"]
[PlyCount "45"]
[EventDate "2022.11.26"]
[EventType "swiss (rapid)"]
[EventRounds "11"]
[EventCountry "RUS"]
[SourceTitle "CBM 211 Extra"]
[Source "ChessBase"]
[SourceDate "2023.01.31"]
[SourceVersion "1"]
[SourceVersionDate "2023.01.31"]
[SourceQuality "1"]

1. d4 e6 2. c4 Bb4+ 3. Nc3 Bxc3+ 4. bxc3 b6 5. e4 Bb7 6. Bd3 d5 7. cxd5 exd5 8. e5 Nd7 9. Qg4 g6 10. Nf3 f6 11. 0-0 Qe7 12. a4 0-0-0 13. a5 Kb8 14. axb6 axb6 15. Ba3 Qe8 16. e6 Nf8 17. e7 Nxe7 18. Rfe1 Qd7 19. Qxd7 Rxd7 20. Bxe7 f5 21. Bf6 Rg8 22. Re8+ Bc8 23. Ba6 1-0